000 00562cam a22001697a 4500
008 180718b2003 xxu||||| |||| 00| 0 eng d
020 _a8190174207
082 _aB3x54 Sa49 (R)
245 _aSocial watch India: citizens report on governance and development 2003
_cedited by John Samuel and Jagadananda
260 _aNew Delhi
_bNational Social Watch Coalition
_c2003
300 _a128p.
650 _aIndia - Economic conditions
650 _aPublic administration - India
650 _aGovernance - India
700 _aJagadananda
700 _aSamuel, John
999 _c401588
_d401588